| 000 | 00740nam a22001937a 4500 | ||
|---|---|---|---|
| 003 | BD-DhSAU | ||
| 005 | 20171003100156.0 | ||
| 008 | 160215b2014 bg a|||| |||| 001 0 ben d | ||
| 020 | _a9789849100546 | ||
| 040 | _aBD-DhSAU | ||
| 082 |
_222 _a631.81 _bH963 |
||
| 100 |
_aহোসেন, মাহমুদ _d1945--- _eকৃষিবিদ |
||
| 245 |
_aমাটির গভীরে সার প্রয়োগ প্রযুক্তি : _bগুটি ইউরিয়া ও এনপিকে গুটি _c মাহমুদ হোসেন |
||
| 260 |
_aঢাকা: _bসাবেরা মাহমুদ, _c2014 |
||
| 300 |
_a71 p. : _bill. ; _c23 cm. |
||
| 590 | _aroy | ||
| 650 | _afertilizer | ||
| 942 |
_2ddc _cBOOK |
||
| 999 |
_c13245 _d13244 |
||